PHARMACEUTICAL PROCESS VALIDATION:AN INTERNATIONAL [VOL-129] (Record no. 8611)

MARC details
000 -LEADER
fixed length control field 00501nam a22001817a 4500
005 - DATE AND TIME OF LATEST TRANSACTION
control field 20240902123031.0
008 - FIXED-LENGTH DATA ELEMENTS--GENERAL INFORMATION
fixed length control field 240831b |||||||| |||| 00| 0 eng d
020 ## - INTERNATIONAL STANDARD BOOK NUMBER
ISBN 978-1-138-36762-3
041 ## - LANGUAGE CODE
Language code of text/sound track or separate title eng
082 ## - DEWEY DECIMAL CLASSIFICATION NUMBER
Classification number 615.106 NAS
100 ## - MAIN ENTRY--AUTHOR NAME
Personal name NASH, ROBERTS . A AND WACHTER, ALFREDH
245 ## - TITLE STATEMENT
Title PHARMACEUTICAL PROCESS VALIDATION:AN INTERNATIONAL [VOL-129]
250 ## - EDITION STATEMENT
Edition statement 3RD ED.
260 ## - PUBLICATION, DISTRIBUTION, ETC. (IMPRINT)
Place of publication NEW YORK
Name of publisher CRS PRESS
300 ## - PHYSICAL DESCRIPTION
Number of Pages 860;P
650 ## - SUBJECT ADDED ENTRY--TOPICAL TERM
Topical Term PHARMACY
General subdivision M.PHARMA
942 ## - ADDED ENTRY ELEMENTS (KOHA)
Koha item type Books
Holdings
Lost status Damaged status Collection code Home library Current library Shelving location Date acquired Source of acquisition Cost, normal purchase price Serial Enumeration / chronology Full call number Accession Number Koha item type
    Reference JRU Library JRU Library SHELF-72-B 30/08/2024 PURCHASE 4595.00 NEW ARRIVALS SHELF 615.106 28353 Books